000 00840nam a22002657a 4500
001 BR6007062
003 BR-BrBNA
005 20230928095632.0
007 ta
008 230509b bl.||||| |||| 00| 0 por d
040 _aBR-BrBNA
_bpor
_cBiblioteca Nacional de Agricultura
041 _a(Por)
072 _aE70; F00
090 _ E70 BR6007062
110 1 _aComissao de Financiamento da Producao, Brasilia, DF (Brasil). Servico de Pesquisas Economicas
_91992
245 1 _aAbastecimento. Estudo preliminar. Analise do setor de producao. Analise do setor de comercializacao. Conclusao
260 3 _aBrasilia, DF (Brasil):
_c1969.
300 _av. 2
500 _a[ca 120]p.; Numerical data
650 _aComercializacao
650 _aAbastecimento
650 _aProducao
909 _a202309
_bLucia
_c55
_dLucia Elande
942 _cBK
999 _c57782
_d57782